00382nam a22001457 450000100100000000500170001000800410002701000160006804000230008405000110010710000510011824500290016926000270019830000110022500001413720200929163505.0910117s1942 bl 000 0 por  altf91000466 aDO-SdBNPcDLCdDLC00a4F 2821 aCavalcanti, Avelino Pessoa. [from old catalog]00aPaginas de americanismo. aRio de Janeiro,c1942. a229 p.